Marketing strategies for changing times /

Bibliographic Details
Other Authors: Wilms, Wellford W., Moore, Richard W., 1937-
Format: Book
Language:English
Published: San Francisco : Jossey-Bass, 1987.
Series:Jossey-Bass higher education series.
New directions for community colleges ; number 60.
Subjects:

MARC

Tag First Indicator Second Indicator Subfields
LEADER 00000cam a2200000 a 4500
001 in00000011145
005 20151007052008.0
008 880202s1987 caua b 00100 eng d
010 |a  85644753  
020 |a 1555429521 (pbk.) 
035 |a (OCoLC)17422298 
035 |9 AAA5817AM 
040 |a TOL  |c TOL  |d TXA  |d UtOrBLW 
049 |a TXAM  |c [A11042494] 
050 4 |a LB2328  |b .M278 1987 
245 0 0 |a Marketing strategies for changing times /  |c Wellford W. Wilms, editor, Richard W. Moore, editor. 
264 1 |a San Francisco :  |b Jossey-Bass,  |c 1987. 
300 |a 110 pages :  |b illustrations ;  |c 23 cm. 
336 |a text  |b txt  |2 rdacontent 
337 |a unmediated  |b n  |2 rdamedia 
338 |a volume  |b nc  |2 rdacarrier 
490 1 |a Jossey-Bass higher education series 
490 1 |a New directions for community colleges,  |x 0194-3081 ;  |v number 60 
504 |a Includes bibliographical references and index. 
650 0 |a Community colleges  |z United States. 
700 1 |a Wilms, Wellford W. 
700 1 |a Moore, Richard W.,  |d 1937- 
830 0 |a Jossey-Bass higher education series. 
830 0 |a New directions for community colleges ;  |v number 60. 
999 |a MARS 
999 f f |s 2a3c41db-9f5a-3c37-b3ba-942d9ed1a6e9  |i 06dc5ee7-5843-3c63-b9de-1387d8319bdc  |t 0 
952 f f |p normal  |a Texas A&M University  |b College Station  |c Sterling C. Evans Library  |d Evans: Library Stacks  |t 0  |e LB2328 .M278 1987  |h Library of Congress classification  |i unmediated -- volume  |m A14811042494 
998 f f |a LB2328 .M278 1987  |t 0  |l Evans: Library Stacks